[Event "Chigorin Memorial 2019"]
[Site "Saint Petersburg"]
[Date "2019.10.12"]
[Round "8.2"]
[White "Sivuk, Vitaly"]
[Black "Kokarev, Dmitry"]
[Result "1/2-1/2"]
[WhiteElo "2559"]
[BlackElo "2593"]
[Annotator "ChessBase"]
[PlyCount "80"]
[EventDate "2019.10.05"]
[EventType "swiss"]
[EventCountry "RUS"]
[SourceTitle "playchess.com"]
[Source "ChessBase"]
[SourceQuality "1"]
[TimeControl "5400+30"]

1. d4 {[%emt 0:00:00]} Nf6 {[%emt 0:00:00]} 2. c4 {[%emt 0:00:00]} g6 {[%emt 0:00:00]} 3. Nc3 {[%emt 0:00:00]} Bg7 {[%emt 0:00:00]} 4. e4 {[%emt 0:00:00]} d6 {[%emt 0:00:01]} 5. h3 {[%emt 0:00:07]} O-O {[%emt 0:00:14]} 6. Be3 {[%emt 0:00:08]} e5 {[%emt 0:00:36]} 7. d5 {[%emt 0:00:09]} Na6 {[%emt 0:00:37]} 8. g4 {[%emt 0:00:27]} Nc5 {[%emt 0:00:13]} 9. Qc2 {[%emt 0:01:01]} c6 {[%emt 0:01:29]} 10. g5 {[%emt 0:00:54]} Nh5 {[%emt 0:01:00]} 11. O-O-O {[%emt 0:00:17]} cxd5 {[%emt 0:01:55]} 12. Nxd5 {[%emt 0:00:12]} Ne6 {[%emt 0:09:39]} 13. h4 {[%emt 0:01:34]} Bd7 {[%emt 0:02:06]} 14. Kb1 {[%emt 0:02:17]} Bc6 {[%emt 0:04:22]} 15. Ne2 {[%emt 0:02:20]} Bxd5 {[%emt 0:05:07]} 16. Rxd5 {[%emt 0:09:14]} Nhf4 {[%emt 0:05:28]} 17. Nxf4 {[%emt 0:08:34]} Nxf4 {[%emt 0:00:12]} 18. Bxf4 {[%emt 0:26:45]} exf4 {[%emt 0:00:16]} 19. Bh3 {[%emt 0:00:11]} Qe7 {[%emt 0:04:01]} 20. f3 {[%emt 0:03:05]} b6 {[%emt 0:01:35]} 21. h5 {[%emt 0:08:37]} Be5 {[%emt 0:03:55]} 22. Qg2 {[%emt 0:03:29]} Rfd8 {[%emt 0:06:25]} 23. Qg1 {[%emt 0:08:47]} Rab8 {[%emt 0:01:10]} 24. Rh2 {[%emt 0:01:31]} Rb7 {[%emt 0:01:15]} 25. Rhd2 {[%emt 0:02:34]} Rc7 {[%emt 0:00:48]} 26. Bf1 {[%emt 0:00:44]} Rc5 {[%emt 0:00:30]} 27. Qg4 {[%emt 0:01:06]} Rdc8 {[%emt 0:07:38]} 28. a3 {[%emt 0:00:55]} R8c7 {[%emt 0:01:34]} 29. Ka2 {[%emt 0:00:15]} a5 {[%emt 0:01:23]} 30. Be2 {[%emt 0:04:09]} Kg7 {[%emt 0:01:15]} 31. Bf1 {[%emt 0:00:16]} Kg8 {[%emt 0:00:09]} 32. Be2 {[%emt 0:00:03]} Kg7 {[%emt 0:00:07]} 33. Bf1 {[%emt 0:00:04]} Kg8 {[%emt 0:00:08]} 34. Be2 {[%emt 0:00:03]} Kg7 {[%emt 0:00:06]} 35. Bf1 {[%emt 0:00:03]} Kg8 {[%emt 0:00:14]} 36. Be2 {[%emt 0:00:03]} Kg7 {[%emt 0:00:05]} 37. Bf1 {[%emt 0:00:03]} Kg8 {[%emt 0:00:06]} 38. Be2 {[%emt 0:00:03]} Kg7 {[%emt 0:00:06]} 39. Bf1 {[%emt 0:00:02]} Kg8 {[%emt 0:00:07]} 40. Be2 {[%emt 0:00:02]} Kg7 {[%emt 0:00:08]} 1/2-1/2

[Event "Chigorin Memorial 2019"]
[Site "Saint Petersburg"]
[Date "2019.10.12"]
[Round "8.3"]
[White "Peng, Xiongjian"]
[Black "Ter-Sahakyan, Samvel"]
[Result "1/2-1/2"]
[WhiteElo "2476"]
[BlackElo "2616"]
[Annotator "RC"]
[PlyCount "117"]
[EventDate "2019.10.05"]
[EventType "swiss"]
[EventCountry "RUS"]
[SourceTitle "playchess.com"]
[Source "ChessBase"]
[SourceQuality "1"]
[TimeControl "5400+30"]

1. Nf3 {[%emt 0:00:00]} d5 {[%emt 0:00:00]} 2. g3 {[%emt 0:00:00]} Bg4 {[%emt 0:05:57]} 3. Bg2 {[%emt 0:00:00]} Nd7 {[%emt 0:00:18]} 4. O-O {[%emt 0:01:07]} c6 {[%emt 0:00:43]} 5. d3 {[%emt 0:00:11]} Ngf6 {[%emt 0:02:14]} 6. h3 {[%emt 0:00:08]} Bh5 {[%emt 0:01:55]} 7. c4 {[%emt 0:00:08]} e6 {[%emt 0:03:15]} 8. cxd5 {[%emt 0:00:07]} exd5 {[%emt 0:00:12]} 9. Nc3 {[%emt 0:00:48]} Bxf3 {[%emt 0:01:02]} 10. Bxf3 {[%emt 0:00:14]} d4 {[%emt 0:00:05]} 11. Ne4 {[%emt 0:01:09]} Nxe4 {[%emt 0:00:06]} 12. dxe4 {[%emt 0:01:43]} Bc5 {[%emt 0:03:15]} 13. b4 {[%emt 0:01:38]} Bb6 {[%emt 0:00:55]} 14. a4 {[%emt 0:05:21]} a5 {[%emt 0:08:29]} 15. bxa5 {[%emt 0:01:50]} Rxa5 {[%emt 0:00:13]} 16. Ba3 {[%emt 0:03:31]} Bc5 {[%emt 0:02:16]} 17. Qb3 {[%emt 0:02:58]} b5 {[%emt 0:23:54]} 18. Bg4 {[%emt 0:19:20]} Bxa3 {[%emt 0:02:56]} 19. Qxa3 {[%emt 0:07:13]} Ne5 {[%emt 0:02:58]} 20. Rfc1 {[%emt 0:14:09]} h5 {[%emt 0:10:36]} 21. Bf3 {[%emt 0:04:07]} h4 {[%emt 0:00:40]} 22. Bg2 {[%emt 0:00:53]} Rxa4 {[%emt 0:11:19]} 23. Qc5 {[%emt 0:00:53]} Qe7 {[%emt 0:05:59]} 24. Rxa4 {[%emt 0:00:26]} bxa4 {[%emt 0:00:04]} 25. f4 {[%emt 0:04:49]} Qxc5 {[%emt 0:04:20]} 26. Rxc5 {[%emt 0:02:12]} Ng6 {[%emt 0:00:19]} 27. f5 {[%emt 0:00:38]} Ne7 {[%emt 0:00:03]} 28. Ra5 {[%emt 0:01:32]} O-O {[%emt 0:00:48]} 29. g4 {[%emt 0:04:55]} Rc8 {[%emt 0:02:23]} 30. e5 {[%emt 0:01:02]} c5 {[%emt 0:00:44]} 31. Kf2 {[%emt 0:00:42]} c4 {[%emt 0:00:53]} 32. Ke1 {[%emt 0:06:57]} Nc6 {[%emt 0:03:51]} 33. Bxc6 {[%emt 0:07:27]} Rxc6 {[%emt 0:00:04]} 34. Rxa4 {[%emt 0:00:20]} Rc5 {[%emt 0:00:07]} 35. Ra8+ {[%emt 0:02:13]} Kh7 {[%emt 0:00:01]} 36. Re8 {[%emt 0:00:06]} c3 {[%emt 0:01:54]} 37. Kd1 {[%emt 0:00:05]} Ra5 {[%emt 0:00:39]} 38. Kc2 {[%emt 0:00:54]} Ra2+ {[%emt 0:00:35]} 39. Kd3 {[%emt 0:00:02]} Rd2+ {[%emt 0:01:40]} 40. Ke4 {[%emt 0:00:05]} Rxe2+ {[%emt 0:00:43]} 41. Kxd4 {[%emt 0:00:03]} Rh2 {[%emt 0:00:27]} 42. Rc8 {[%emt 0:01:16]} c2 {[%emt 0:01:07]} 43. g5 {[%emt 0:03:55]} Rxh3 {[%emt 0:00:29]} 44. Rxc2 {[%emt 0:00:06]} Rh1 {[%emt 0:00:11]} 45. Re2 {[%emt 0:01:37]} Kg8 {[%emt 0:00:53]} 46. e6 {[%emt 0:00:47]} fxe6 {[%emt 0:00:09]} 47. fxe6 {[%emt 0:00:03]} Kf8 {[%emt 0:00:14]} 48. Ke5 {[%emt 0:00:04]} Ke7 {[%emt 0:01:25]} 49. Kf5 {[%emt 0:00:49]} h3 {[%emt 0:00:27]} 50. Kg6 {[%emt 0:01:25]} Rg1 {[%emt 0:00:18]} 51. Rh2 {[%emt 0:01:03]} Rg3 {[%emt 0:00:04]} 52. Kf5 {[%emt 0:00:30]} Re3 {[%emt 0:01:13]} 53. Ra2 {[%emt 0:00:24]} h2 {[%emt 0:00:29]} 54. Rxh2 {[%emt 0:00:40]} Rxe6 {[%emt 0:00:03]} 55. Rh7 {[%emt 0:00:14]} Kf7 {[%emt 0:00:06]} 56. Rxg7+ {[%emt 0:00:07]} Kxg7 {[%emt 0:00:03]} 57. Kxe6 {[%emt 0:00:04]} Kg6 {[%emt 0:00:03]} 58. Ke5 {[%emt 0:00:04]} Kxg5 {[%emt 0:00:05]} 59. Ke4 {[%emt 0:04:26]} 1/2-1/2

[Event "Chigorin Memorial 2019"]
[Site "Saint Petersburg"]
[Date "2019.10.12"]
[Round "8.4"]
[White "Shubin, Kirill"]
[Black "Khalifman, Alexander"]
[Result "1/2-1/2"]
[WhiteElo "2416"]
[BlackElo "2614"]
[Annotator "RC"]
[PlyCount "54"]
[EventDate "2019.10.05"]
[EventType "swiss"]
[EventCountry "RUS"]
[SourceTitle "playchess.com"]
[Source "ChessBase"]
[SourceQuality "1"]
[TimeControl "5400+30"]

1. e4 {[%emt 0:00:00]} e5 {[%emt 0:00:00]} 2. Nf3 {[%emt 0:00:00]} Nc6 {[%emt 0:00:00]} 3. Bb5 {[%emt 0:00:00]} a6 {[%emt 0:00:00]} 4. Ba4 {[%emt 0:00:00]} Nf6 {[%emt 0:00:00]} 5. O-O {[%emt 0:00:00]} Be7 {[%emt 0:00:06]} 6. Re1 {[%emt 0:00:00]} b5 {[%emt 0:00:06]} 7. Bb3 {[%emt 0:00:00]} O-O {[%emt 0:00:06]} 8. d3 {[%emt 0:00:02]} d6 {[%emt 0:00:25]} 9. c3 {[%emt 0:00:04]} Na5 {[%emt 0:03:25]} 10. Bc2 {[%emt 0:00:22]} c5 {[%emt 0:00:07]} 11. Nbd2 {[%emt 0:00:04]} Nc6 {[%emt 0:00:26]} 12. Nf1 {[%emt 0:00:20]} Re8 {[%emt 0:02:25]} 13. a4 {[%emt 0:05:43]} Bd7 {[%emt 0:12:15]} 14. Ne3 {[%emt 0:05:26]} h6 {[%emt 0:16:26]} 15. h3 {[%emt 0:15:31]} Rc8 {[%emt 0:07:27]} 16. Nh2 {[%emt 0:01:19]} Be6 {[%emt 0:00:42]} 17. Nhg4 {[%emt 0:06:26]} Nxg4 {[%emt 0:02:14]} 18. hxg4 {[%emt 0:00:17]} Bg5 {[%emt 0:00:07]} 19. axb5 {[%emt 0:07:18]} axb5 {[%emt 0:00:21]} 20. Bb3 {[%emt 0:05:29]} Bxe3 {[%emt 0:06:58]} 21. Bxe3 {[%emt 0:00:27]} Qd7 {[%emt 0:02:58]} 22. Bxe6 {[%emt 0:00:06]} Qxe6 {[%emt 0:00:44]} 23. Ra6 {[%emt 0:00:06]} b4 {[%emt 0:05:37]} 24. c4 {[%emt 0:04:57]} Nb8 {[%emt 0:00:34]} 25. Ra5 {[%emt 0:03:41]} Nc6 {[%emt 0:00:08]} 26. Ra6 {[%emt 0:00:05]} Nb8 {[%emt 0:00:06]} 27. Ra5 {[%emt 0:00:03]} Nc6 {[%emt 0:00:05]} 1/2-1/2

[Event "Chigorin Memorial 2019"]
[Site "Saint Petersburg"]
[Date "2019.10.12"]
[Round "8.5"]
[White "Kryakvin, Dmitry"]
[Black "Pourramezanali, Amirreza"]
[Result "1/2-1/2"]
[WhiteElo "2608"]
[BlackElo "2478"]
[Annotator "ChessBase"]
[PlyCount "120"]
[EventDate "2019.10.05"]
[EventType "swiss"]
[EventCountry "RUS"]
[SourceTitle "playchess.com"]
[Source "ChessBase"]
[SourceQuality "1"]
[TimeControl "5400+30"]

1. d4 {[%emt 0:01:24]} d5 {[%emt 0:00:00]} 2. c4 {[%emt 0:00:07]} e6 {[%emt 0:00:00]} 3. Nc3 {[%emt 0:00:39]} Be7 {[%emt 0:00:00]} 4. cxd5 {[%emt 0:00:11]} exd5 {[%emt 0:00:00]} 5. Bf4 {[%emt 0:00:05]} Nf6 {[%emt 0:00:05]} 6. e3 {[%emt 0:00:08]} O-O {[%emt 0:00:05]} 7. Bd3 {[%emt 0:00:07]} c5 {[%emt 0:00:05]} 8. Nge2 {[%emt 0:00:06]} Nc6 {[%emt 0:00:04]} 9. O-O {[%emt 0:00:10]} c4 {[%emt 0:00:02]} 10. Bc2 {[%emt 0:00:07]} Nh5 {[%emt 0:00:04]} 11. b3 {[%emt 0:02:14]} Qa5 {[%emt 0:00:10]} 12. Na4 {[%emt 0:06:53]} Nb4 {[%emt 0:17:10]} 13. Bb1 {[%emt 0:04:43]} b6 {[%emt 0:33:16]} 14. Bc7 {[%emt 0:18:05]} g6 {[%emt 0:13:41]} 15. a3 {[%emt 0:08:17]} Nd3 {[%emt 0:02:51]} 16. Nec3 {[%emt 0:54:44]} Nb2 {[%emt 0:30:27]} 17. b4 {[%emt 0:00:00]} Nxd1 {[%emt 0:00:00]} 18. bxa5 {[%emt 0:00:00]} Nxc3 {[%emt 0:00:00]} 19. Nxc3 {[%emt 0:00:00]} Be6 {[%emt 0:00:00]} 20. Bc2 {[%emt 0:00:00]} Rfc8 {[%emt 0:00:00]} 21. axb6 {[%emt 0:00:00]} axb6 {[%emt 0:00:00]} 22. Bxb6 {[%emt 0:00:00]} Rxa3 {[%emt 0:00:00]} 23. Rxa3 {[%emt 0:00:00]} Bxa3 {[%emt 0:00:00]} 24. Rb1 {[%emt 0:00:00]} Nf6 {[%emt 0:00:00]} 25. Kf1 {[%emt 0:00:00]} Nd7 {[%emt 0:00:00]} 26. Ba7 {[%emt 0:00:00]} Rc7 {[%emt 0:00:00]} 27. Bb8 {[%emt 0:00:00]} Nxb8 {[%emt 0:00:00]} 28. Rxb8+ {[%emt 0:00:00]} Bf8 {[%emt 0:00:00]} 29. Ba4 {[%emt 0:00:00]} Kg7 {[%emt 0:00:00]} 30. g3 {[%emt 0:00:00]} Ra7 {[%emt 0:00:00]} 31. Ke2 {[%emt 0:00:00]} Bd6 {[%emt 0:00:00]} 32. Rb2 {[%emt 0:00:00]} h5 {[%emt 0:00:00]} 33. Bc6 {[%emt 0:00:00]} Ra5 {[%emt 0:00:00]} 34. h4 {[%emt 0:00:00]} Bc7 {[%emt 0:01:38]} 35. Rb7 {[%emt 0:00:00]} Bd6 {[%emt 0:01:33]} 36. Kd2 {[%emt 0:03:52]} Ra6 {[%emt 0:01:16]} 37. Bxd5 {[%emt 0:01:52]} Bxd5 {[%emt 0:00:32]} 38. Nxd5 {[%emt 0:00:03]} Ra2+ {[%emt 0:00:05]} 39. Ke1 {[%emt 0:00:30]} Rc2 {[%emt 0:00:08]} 40. Kf1 {[%emt 0:02:17]} Ba3 {[%emt 0:01:21]} 41. Rc7 {[%emt 0:00:30]} Kf8 {[%emt 0:00:28]} 42. Kg2 {[%emt 0:00:24]} Bc1 {[%emt 0:01:01]} 43. Kf1 {[%emt 0:01:52]} Bd2 {[%emt 0:00:19]} 44. Nf6 {[%emt 0:00:56]} Ba5 {[%emt 0:03:16]} 45. Rc5 {[%emt 0:00:31]} Rc1+ {[%emt 0:00:25]} 46. Kg2 {[%emt 0:00:46]} Be1 {[%emt 0:00:02]} 47. Ne4 {[%emt 0:00:28]} f5 {[%emt 0:03:26]} 48. Ng5 {[%emt 0:01:05]} Rc2 {[%emt 0:00:00]} 49. Nh3 {[%emt 0:00:07]} Bb4 {[%emt 0:00:00]} 50. Rc6 {[%emt 0:00:25]} Kf7 {[%emt 0:00:00]} 51. Kf3 {[%emt 0:00:40]} Be1 {[%emt 0:00:00]} 52. d5 {[%emt 0:00:48]} c3 {[%emt 0:00:00]} 53. Rc7+ {[%emt 0:00:27]} Kf6 {[%emt 0:00:00]} 54. d6 {[%emt 0:00:19]} Ke6 {[%emt 0:00:01]} 55. d7 {[%emt 0:00:27]} Ke7 {[%emt 0:00:05]} 56. e4 {[%emt 0:00:12]} fxe4+ {[%emt 0:01:18]} 57. Kxe4 {[%emt 0:00:04]} Kd8 {[%emt 0:00:05]} 58. Rc4 {[%emt 0:00:11]} Bxf2 {[%emt 0:01:19]} 59. Nxf2 {[%emt 0:00:48]} Rxf2 {[%emt 0:00:05]} 60. Rxc3 {[%emt 0:00:03]} Kxd7 {[%emt 0:03:37]} 1/2-1/2

[Event "Chigorin Memorial 2019"]
[Site "Saint Petersburg"]
[Date "2019.10.12"]
[Round "8.6"]
[White "Smirin, Ilia"]
[Black "Levin, Evgeny A."]
[Result "1/2-1/2"]
[WhiteElo "2599"]
[BlackElo "2519"]
[Annotator "RC"]
[PlyCount "104"]
[EventDate "2019.10.05"]
[EventType "swiss"]
[EventCountry "RUS"]
[SourceTitle "playchess.com"]
[Source "ChessBase"]
[SourceQuality "1"]
[TimeControl "5400+30"]

1. e4 {[%emt 0:05:11]} e6 {[%emt 0:04:26]} 2. d4 {[%emt 0:00:08]} d5 {[%emt 0:00:05]} 3. Nc3 {[%emt 0:00:03]} Nf6 {[%emt 0:00:05]} 4. Bg5 {[%emt 0:00:13]} dxe4 {[%emt 0:00:38]} 5. Nxe4 {[%emt 0:00:22]} Nbd7 {[%emt 0:00:33]} 6. Nf3 {[%emt 0:02:46]} h6 {[%emt 0:07:59]} 7. Nxf6+ {[%emt 0:00:12]} Nxf6 {[%emt 0:00:05]} 8. Bxf6 {[%emt 0:00:13]} Qxf6 {[%emt 0:00:33]} 9. Bd3 {[%emt 0:00:12]} Bd7 {[%emt 0:11:01]} 10. Qe2 {[%emt 0:03:40]} Bd6 {[%emt 0:04:12]} 11. O-O-O {[%emt 0:12:21]} O-O-O {[%emt 0:07:36]} 12. Be4 {[%emt 0:03:16]} Kb8 {[%emt 0:00:41]} 13. Kb1 {[%emt 0:00:15]} g5 {[%emt 0:09:56]} 14. c3 {[%emt 0:10:23]} g4 {[%emt 0:01:46]} 15. Nd2 {[%emt 0:00:04]} e5 {[%emt 0:09:26]} 16. dxe5 {[%emt 0:01:35]} Bxe5 {[%emt 0:02:08]} 17. Nc4 {[%emt 0:06:47]} Bb5 {[%emt 0:10:20]} 18. Bd5 {[%emt 0:02:56]} Qf5+ {[%emt 0:17:30]} 19. Qc2 {[%emt 0:01:06]} Qxc2+ {[%emt 0:00:06]} 20. Kxc2 {[%emt 0:00:04]} Bxc4 {[%emt 0:00:15]} 21. Bxc4 {[%emt 0:00:16]} Bd6 {[%emt 0:00:52]} 22. Rd5 {[%emt 0:01:15]} Bf4 {[%emt 0:05:21]} 23. g3 {[%emt 0:01:45]} Rxd5 {[%emt 0:03:13]} 24. Bxd5 {[%emt 0:00:04]} Be5 {[%emt 0:02:21]} 25. Kd3 {[%emt 0:06:13]} c6 {[%emt 0:00:43]} 26. Bb3 {[%emt 0:02:02]} f5 {[%emt 0:00:18]} 27. Re1 {[%emt 0:00:24]} Rd8+ {[%emt 0:00:38]} 28. Ke2 {[%emt 0:01:07]} Kc7 {[%emt 0:00:29]} 29. Kf1 {[%emt 0:01:08]} Kd6 {[%emt 0:00:37]} 30. Rd1+ {[%emt 0:00:36]} Ke7 {[%emt 0:00:04]} 31. Rxd8 {[%emt 0:00:04]} Kxd8 {[%emt 0:00:02]} 32. Be6 {[%emt 0:00:08]} f4 {[%emt 0:00:20]} 33. Bxg4 {[%emt 0:00:07]} Bd6 {[%emt 0:00:39]} 34. Ke2 {[%emt 0:00:53]} a5 {[%emt 0:00:32]} 35. Kf3 {[%emt 0:00:18]} fxg3 {[%emt 0:00:05]} 36. hxg3 {[%emt 0:01:04]} Bc5 {[%emt 0:00:03]} 37. Ke2 {[%emt 0:00:23]} Kc7 {[%emt 0:00:14]} 38. f4 {[%emt 0:00:10]} Kd6 {[%emt 0:00:16]} 39. Kf3 {[%emt 0:00:45]} b5 {[%emt 0:00:48]} 40. Bh5 {[%emt 0:00:58]} b4 {[%emt 0:00:12]} 41. Ke4 {[%emt 0:00:40]} bxc3 {[%emt 0:00:08]} 42. bxc3 {[%emt 0:00:04]} Bf2 {[%emt 0:00:13]} 43. g4 {[%emt 0:00:09]} Be1 {[%emt 0:01:04]} 44. c4 {[%emt 0:01:42]} c5 {[%emt 0:01:31]} 45. Be8 {[%emt 0:00:48]} Bd2 {[%emt 0:00:17]} 46. Kf5 {[%emt 0:00:21]} Bc1 {[%emt 0:00:42]} 47. Ba4 {[%emt 0:01:04]} Bd2 {[%emt 0:00:25]} 48. g5 {[%emt 0:00:19]} hxg5 {[%emt 0:00:03]} 49. fxg5 {[%emt 0:00:05]} Ke7 {[%emt 0:00:13]} 50. Bc2 {[%emt 0:00:32]} Bc1 {[%emt 0:00:21]} 51. g6 {[%emt 0:00:39]} Bb2 {[%emt 0:00:12]} 52. Ke4 {[%emt 0:00:19]} Kd6 {[%emt 0:00:05]} 1/2-1/2

[Event "Chigorin Memorial 2019"]
[Site "Saint Petersburg"]
[Date "2019.10.12"]
[Round "8.7"]
[White "Gareyev, Timur"]
[Black "Vokhidov, Shamsiddin"]
[Result "1-0"]
[WhiteElo "2591"]
[BlackElo "2519"]
[Annotator "ChessBase"]
[PlyCount "48"]
[EventDate "2019.10.05"]
[EventType "swiss"]
[EventCountry "RUS"]
[SourceTitle "playchess.com"]
[Source "ChessBase"]
[SourceQuality "1"]
[TimeControl "5400+30"]

1. c4 {[%emt 0:01:26]} e5 {[%emt 0:00:00]} 2. Nc3 {[%emt 0:04:50]} Nf6 {[%emt 0:02:31]} 3. g3 {[%emt 0:00:05]} Bb4 {[%emt 0:00:40]} 4. e4 {[%emt 0:00:04]} Bxc3 {[%emt 0:03:04]} 5. dxc3 {[%emt 0:00:32]} d6 {[%emt 0:00:12]} 6. f3 {[%emt 0:00:05]} Be6 {[%emt 0:03:05]} 7. Nh3 {[%emt 0:00:03]} h6 {[%emt 0:00:15]} 8. Nf2 {[%emt 0:00:13]} Nfd7 {[%emt 0:01:00]} 9. f4 {[%emt 0:10:56]} f6 {[%emt 0:04:08]} 10. f5 {[%emt 0:15:51]} Bf7 {[%emt 0:00:19]} 11. g4 {[%emt 0:01:14]} Nb6 {[%emt 0:04:45]} 12. b3 {[%emt 0:01:45]} c6 {[%emt 0:01:21]} 13. a4 {[%emt 0:00:54]} d5 {[%emt 0:02:36]} 14. exd5 {[%emt 0:20:37]} cxd5 {[%emt 0:00:04]} 15. Bg2 {[%emt 0:01:44]} a5 {[%emt 0:16:27]} 16. Be3 {[%emt 0:01:54]} Nc6 {[%emt 0:00:29]} 17. O-O {[%emt 0:01:16]} Ne7 {[%emt 0:00:41]} 18. Qd3 {[%emt 0:06:15]} Ra6 {[%emt 0:07:04]} 19. Rad1 {[%emt 0:02:20]} O-O {[%emt 0:04:23]} 20. cxd5 {[%emt 0:03:04]} Qc8 {[%emt 0:14:42]} 21. c4 {[%emt 0:00:46]} Rd8 {[%emt 0:00:05]} 22. Ne4 {[%emt 0:01:55]} Nd7 {[%emt 0:00:14]} 23. h4 {[%emt 0:00:33]} Nf8 {[%emt 0:05:28]} 24. Bc5 {[%emt 0:00:53]} Ra8 {[%emt 0:28:27]} 1-0

[Event "Chigorin Memorial 2019"]
[Site "Saint Petersburg"]
[Date "2019.10.12"]
[Round "8.8"]
[White "Aleksandrov, Aleksej"]
[Black "Nesterov, Arseniy"]
[Result "1-0"]
[WhiteElo "2577"]
[BlackElo "2484"]
[Annotator "ChessBase"]
[PlyCount "99"]
[EventDate "2019.10.05"]
[EventType "swiss"]
[EventCountry "RUS"]
[SourceTitle "playchess.com"]
[Source "ChessBase"]
[SourceQuality "1"]
[TimeControl "5400+30"]

1. d4 {[%emt 0:00:00]} Nf6 {[%emt 0:00:00]} 2. c4 {[%emt 0:00:00]} e6 {[%emt 0:00:00]} 3. Nc3 {[%emt 0:00:00]} Bb4 {[%emt 0:00:00]} 4. Qc2 {[%emt 0:00:00]} O-O {[%emt 0:00:14]} 5. e4 {[%emt 0:00:00]} d5 {[%emt 0:00:08]} 6. e5 {[%emt 0:00:00]} Ne4 {[%emt 0:00:16]} 7. Bd3 {[%emt 0:00:00]} c5 {[%emt 0:00:48]} 8. Nf3 {[%emt 0:00:02]} cxd4 {[%emt 0:01:50]} 9. Nxd4 {[%emt 0:00:05]} Nd7 {[%emt 0:00:07]} 10. Bf4 {[%emt 0:00:05]} Ndc5 {[%emt 0:02:11]} 11. O-O {[%emt 0:00:12]} Bxc3 {[%emt 0:00:39]} 12. bxc3 {[%emt 0:00:06]} Nxd3 {[%emt 0:11:27]} 13. Qxd3 {[%emt 0:00:04]} b6 {[%emt 0:04:14]} 14. cxd5 {[%emt 0:00:05]} Qxd5 {[%emt 0:00:59]} 15. c4 {[%emt 0:08:51]} Nc5 {[%emt 0:00:06]} 16. Qg3 {[%emt 0:00:33]} Qxd4 {[%emt 0:13:45]} 17. Bh6 {[%emt 0:00:10]} g6 {[%emt 0:00:03]} 18. Rad1 {[%emt 1:17:11]} Qe4 {[%emt 0:01:01]} 19. f3 {[%emt 0:00:30]} Qf5 {[%emt 0:01:13]} 20. Qe1 {[%emt 0:04:43]} Qh5 {[%emt 0:08:24]} 21. Qe3 {[%emt 0:00:37]} Bb7 {[%emt 0:06:18]} 22. Bg5 {[%emt 0:01:38]} h6 {[%emt 0:03:36]} 23. Bxh6 {[%emt 0:00:35]} Rfd8 {[%emt 0:03:59]} 24. Bg5 {[%emt 0:00:13]} Rxd1 {[%emt 0:00:13]} 25. Rxd1 {[%emt 0:00:02]} Ne4 {[%emt 0:01:21]} 26. Be7 {[%emt 0:00:38]} Bc6 {[%emt 0:02:05]} 27. Rd4 {[%emt 0:01:19]} Re8 {[%emt 0:01:11]} 28. Bd8 {[%emt 0:00:35]} Nc5 {[%emt 0:15:14]} 29. Rh4 {[%emt 0:02:35]} Rxd8 {[%emt 0:00:13]} 30. Rxh5 {[%emt 0:00:03]} Rd1+ {[%emt 0:00:05]} 31. Kf2 {[%emt 0:00:03]} gxh5 {[%emt 0:00:52]} 32. Qg5+ {[%emt 0:00:06]} Kf8 {[%emt 0:00:09]} 33. Qxh5 {[%emt 0:00:04]} Nd3+ {[%emt 0:04:55]} 34. Kg3 {[%emt 0:01:31]} Ne1 {[%emt 0:11:47]} 35. h4 {[%emt 0:00:53]} Ra1 {[%emt 0:01:16]} 36. Qh6+ {[%emt 0:00:11]} Ke8 {[%emt 0:00:12]} 37. Qd2 {[%emt 0:00:31]} Ba4 {[%emt 0:01:27]} 38. h5 {[%emt 0:00:47]} Bc2 {[%emt 0:00:20]} 39. Kh4 {[%emt 0:00:55]} Bf5 {[%emt 0:02:19]} 40. Kg5 {[%emt 0:01:33]} Nd3 {[%emt 0:02:14]} 41. Kf6 {[%emt 0:00:10]} Nc5 {[%emt 0:01:04]} 42. g4 {[%emt 0:01:35]} Be4 {[%emt 0:01:21]} 43. Qf2 {[%emt 0:01:22]} Bd3 {[%emt 0:01:15]} 44. Kg7 {[%emt 0:00:12]} Rh1 {[%emt 0:00:35]} 45. Qd4 {[%emt 0:00:16]} Rh3 {[%emt 0:00:21]} 46. Qf4 {[%emt 0:00:10]} Kd8 {[%emt 0:00:38]} 47. Qxf7 {[%emt 0:00:57]} Bxc4 {[%emt 0:00:30]} 48. h6 {[%emt 0:00:37]} Bd3 {[%emt 0:00:07]} 49. g5 {[%emt 0:00:08]} Rg3 {[%emt 0:00:49]} 50. f4 {[%emt 0:00:59]} 1-0